| 000 | 00975cad a22001935a 4500 | ||
|---|---|---|---|
| 001 | L158036 | ||
| 008 | 140131s2013 xxk f 000 0 eng d | ||
| 035 | _a(Sirsi) u158036 | ||
| 041 | 0 | _aeng | |
| 110 | 2 |
_aUnited Kingdom _bDepartment for Communities and Local Government _94939 |
|
| 245 | 0 | 0 |
_aYou've got the power _bA quick and simple guide to community rights |
| 260 |
_aLondon _bDCLG _c2013 |
||
| 520 | _aSummary of legal powers and opportunities which have been introduced to give people more power over what happens in their neighbourhood. Includes information on community Right to Build, Neighbourhood planning and Community Right to Challenge. | ||
| 590 | _aKA | ||
| 651 | 4 | _aENGLAND AND WALES | |
| 690 | _aENVIRONMENT AND LAND CONSULTANCY-PLANNING AND DEVELOPMENT | ||
| 856 | 4 | 0 |
_uhttps://www.gov.uk/government/uploads/system/uploads/attachment_data/file/244635/130924_You_ve_got_the_power_accessible.pdf _zView the item free of charge at www.gov.uk |
| 942 | _n0 | ||
| 999 |
_c115092 _d115092 |
||